Výroba tiosíranu amónneho z odpadného plynu

Na minha lista:
Detalhes bibliográficos
Autor principal: Šandor, Roman (Author)
Outros Autores: Janošovský, Ján (Thesis advisor)
Formato: Manuscrito Livro
Idioma:eslovaco
Publicado em: 2020
Assuntos:
Acesso em linha:http://is.stuba.sk/zp/portal_zp.pl?podrobnosti=141814
Tags: Adicionar Tag
Sem tags, seja o primeiro a adicionar uma tag!

MARC

LEADER 00000ntm a22000003a 4500
001 stuzp78959
003 SK-STU
005 20200718211211.1
007 ta
008 150427s2015----xo-----f-mn---000-0-slo-d
040 |a STU  |b slo 
041 0 |a slo 
100 1 |a Šandor, Roman  |u 046230  |4 aut  |U FCHPT Ústav chemického a environmentálneho inžinierstva  |T FCHPT Oddelenie chemického a biochemického inžinierstva  |X 91839  |U C6230  |Y 119  |7 91839 
242 0 1 |a Ammonium Thiosulfate Production from Waste Gas  |y eng 
245 1 0 |a Výroba tiosíranu amónneho z odpadného plynu 
260 |c 2020 
650 4 |a tiosíran amónny  |2 slo 
650 4 |a reaktívna absorpcia  |2 slo 
650 4 |a kyslé plyny  |2 slo 
650 4 |a ammonium thiosulfate  |2 eng 
650 4 |a reactive absorption  |2 eng 
650 4 |a sour water stripping gases  |2 eng 
700 1 |a Janošovský, Ján  |u 046230  |k Z1  |4 ths  |U FCHPT Ústav chemického a environmentálneho inžinierstva  |T FCHPT Oddelenie chemického a biochemického inžinierstva  |X 69326  |U C6230  |Y 119  |7 69326 
856 4 |u http://is.stuba.sk/zp/portal_zp.pl?podrobnosti=141814